BRIDGING DIVERSITY PARTICIPATORY LEARNIN (Record no. 5130)

MARC details
000 -LEADER
fixed length control field 00361nam a2200133Ia 4500
008 - FIXED-LENGTH DATA ELEMENTS--GENERAL INFORMATION
fixed length control field 240624s9999 xx 000 0 und d
041 ## - LANGUAGE CODE
Language code of text/sound track or separate title eng
082 ## - DEWEY DECIMAL CLASSIFICATION NUMBER
Classification number 338.900971724 SAL
100 ## - MAIN ENTRY--PERSONAL NAME
Personal name SALMEN LAWRENCE F
245 ## - TITLE STATEMENT
Title BRIDGING DIVERSITY PARTICIPATORY LEARNIN
260 ## - PUBLICATION, DISTRIBUTION, ETC.
Date of publication, distribution, etc. 2006
Place of publication, distribution, etc. New Delhi
Name of publisher, distributor, etc. World Bank
300 ## - PHYSICAL DESCRIPTION
Extent xviii, : 144 : p. : cm. ; 25
365 ## - TRADE PRICE
Currency code
Price amount 30
Holdings
Withdrawn status Lost status Damaged status Not for loan Home library Current library Shelving location Date acquired Source of acquisition Cost, normal purchase price Full call number Barcode Date last seen Copy number Price effective from Koha item type
        IMTN IMTN Rack 13-A 05/07/2007 AP 25.00 338.900971724 SAL 5130 06/24/2024 47 06/24/2024 Books
Designed & Maintained by: LRC IMT Nagpur Contact: lrc@imtnag.ac.in© 2024. All Rights Reserved.